Qui est l'auteur de ce grand classique de la littérature? #2 - Statistiques

Statistiques générales
  • Ce quiz a été pris 641 fois
  • Le résultat moyen est 7 sur 10
Statistiques - réponses
Titre Auteur % Correct
Le tour du monde en 80 jours Jules Verne
94%
Candide Voltaire
92%
Madame Bovary Gustave Flaubert
89%
Roméo et Juliette William Shakespeare
86%
Dom Juan Molière
83%
Jane Eyre Charlotte Brontë
76%
Les Hauts de Hurle-Vent Emily Brontë
76%
Sherlock Holmes Arthur Conan Doyle
68%
La servante écarlate Margaret Atwood
29%
Anne la maison au pignon vert Lucy Maud Montgomery
7%
Aucun quiz correspondant
Distribution des résultats
% des personnes avec chaque résultat
Percentile par nombre de réponses
Votre historique - résultats
Vous n’avez pas pris ce quiz